000 00387nam a2200157Ia 4500
005 20240807062047.0
008 240806s9999||||xx |||||||||||||| ||eng||
041 _aeng
082 _a928.91431
_bBECH
100 _aSivraj Singh Bechain
245 0 _aMera bachapan mere kandho par /
_cSivraj Singh Bechain
260 _bVani Prakashan
300 _a439
650 _aHindi
942 _cBK
999 _c7220
_d7220